Talaq-i-Tafwid : the Muslim woman's contractual access to divorce : (Record no. 530)

MARC details
000 -LEADER
fixed length control field 008300000a22002410004500
003 - CONTROL NUMBER IDENTIFIER
control field LK-CoMWRAF
005 - DATE AND TIME OF LATEST TRANSACTION
control field 20231129004027.0
008 - FIXED-LENGTH DATA ELEMENTS--GENERAL INFORMATION
fixed length control field 230817t1996 ||||| |||| 00| 0 eng d
040 ## - CATALOGING SOURCE
Original cataloging agency LK-CoMWRAF
Modifying agency LK-CoMWRAF
Description conventions LK-CoMWRAF
041 ## - LANGUAGE CODE
Language code of text/sound track or separate title English
082 ## - DEWEY DECIMAL CLASSIFICATION NUMBER
Classification number 346.16
Item number TAL
942 ## - ADDED ENTRY ELEMENTS (KOHA)
Koha item type Books
700 ## - ADDED ENTRY--PERSONAL NAME
Personal name Carroll, Lucy
Relator Term editor
700 ## - ADDED ENTRY--PERSONAL NAME
Personal name Kapoor, Harsh
Relator Term editor
245 ## - TITLE STATEMENT
Title Talaq-i-Tafwid : the Muslim woman's contractual access to divorce :
Remainder of title an information kit
260 ## - PUBLICATION, DISTRIBUTION, ETC. (IMPRINT)
Place of publication, distribution, etc. Grabels:
Name of publisher, distributor, etc. Women Living Under Muslim Laws,
Date of publication, distribution, etc. 1996
300 ## - PHYSICAL DESCRIPTION
Extent 204 p. : ill. ; 21 cm
490 ## - SERIES STATEMENT
Series statement Readers and Compilations Series
856 ## - ELECTRONIC LOCATION AND ACCESS
Uniform Resource Identifier <a href="https://www.wluml.org/wp-content/uploads/2020/01/talaq-i-tawfid-eng.pdf">https://www.wluml.org/wp-content/uploads/2020/01/talaq-i-tawfid-eng.pdf</a>
650 ## - SUBJECT ADDED ENTRY--TOPICAL TERM
Topical term or geographic name as entry element Muslim women--Legal status, laws,
650 ## - SUBJECT ADDED ENTRY--TOPICAL TERM
Topical term or geographic name as entry element Divorce (Islamic law)
650 ## - SUBJECT ADDED ENTRY--TOPICAL TERM
Topical term or geographic name as entry element Prenuptial agreements (Islamic law)
Holdings
Withdrawn status Lost status Damaged status Not for loan Permanent Location Current Location Date acquired Full call number Barcode Koha item type
        Resource center, Muslim Women's Research And Action Forum Resource center, Muslim Women's Research And Action Forum 2023-08-17 346.16 TAL RAF3216 Books
        Resource center, Muslim Women's Research And Action Forum Resource center, Muslim Women's Research And Action Forum 2023-11-29 346.16 TAL RAF3217 Books
        Resource center, Muslim Women's Research And Action Forum Resource center, Muslim Women's Research And Action Forum 2023-11-29 346.16 TAL RAF3218 Books

Copyright © 2023 Muslim Women's Research and Action Forum (MWRAF), No 27/3, Anderson Road, Kalubowila, Dehiwela. Funded by The Asia Fundation